| 000 | 00982aam a2200241 a 4500 | ||
|---|---|---|---|
| 999 |
_c324205 _d324205 |
||
| 003 | BLK | ||
| 005 | 20240418100837.0 | ||
| 008 | 180918b bul||||| |||| 00| 0 bul d | ||
| 020 | _a978-619-7082-35-7 | ||
| 040 | _aBLK | ||
| 041 |
_aBUL _cBUL |
||
| 080 |
_aРумънска литература _b821.135.1 _x-1 _z821.135.1-1 |
||
| 100 |
_aКомартин, Клаудиу _eпърви автор _91299 |
||
| 245 |
_aКобалт _cКлаудиу Комартин ; прев. Лора Ненковска |
||
| 260 |
_c2017 _9219884 _aСофия _bИзд. за поезия ДА |
||
| 300 |
_a84 с. _bс портр. _c23 см |
||
| 380 | _aX | ||
| 500 | _aОриг. загл.: Cobalt / Claudiu Komartin. - За авт.: с. 74. - Речник: с. 75-76. - Кобалтова звезда / Лора Ненковска: с. 77-78 | ||
| 700 |
_aНенковска, Лора Георгиева _9334619 |
||
| 852 |
_aЦб 289998 _bЦб |
||
| 942 |
_cKNG _2udc _n0 |
||
| 999 | _d324205 | ||
| 944 |
_k30560 _lГеновева Генчева |
||